| 000 | 00429nam a22001457a 4500 | ||
|---|---|---|---|
| 082 | _aP-537 | ||
| 100 |
_aDaulat Ali _947668 |
||
| 245 |
_aComparative Study of Silica Fume, Fly Ash and Cement Mixes for Producation of High Strength Concrete _cMussaib |
||
| 260 |
_aRisalpur _bMCE _c28-05-2013 |
||
| 300 | _a96 P.; | ||
| 526 |
_a0 _b0 _c0 _dP_537 |
||
| 650 | _aProject | ||
| 700 |
_aShahzad Ul Hassan Amir _948263 |
||
| 942 |
_2ddc _cBK |
||
| 999 |
_c551257 _d551257 |
||